Mária Horváthová

Bibliographic Details
Main Author: Válek, Igor, 1967- (Author)
Format: Manuscript Article
Language:Slovak
PhysicalDescription:Fotogr.
ISSN:0862-8823
Subjects:

MARC

LEADER 00000ntb a2200000 ar4500
001 vtls009524122
003 SK-MaSNL
005 20260304021417.0
008 090610c2009 xo sr|p|||||||000 b|slo
015 |a SNBRB2009/06  |2 snkbucl 
038 |a SNKBUCL 
040 |a SNKBUCL  |b slo  |c SNKBUCL  |e AACR2 
041 |a slo 
044 |a xo  |c SK 
080 |a 75.071.1  |2 1997 
080 |a 76.071.1  |2 1997 
100 1 |a Válek, Igor,  |d 1967-  |4 aut  |9 97609 
245 1 0 |a Mária Horváthová  |c Igor Válek 
300 |b Fotogr. 
600 1 7 |a Horváthová, Mária,  |d 1951 18. december-  |2 snkbucl  |9 168144 
655 7 |a profily  |2 snkbucl  |9 341977 
773 0 |t Slovenské národné noviny  |g Roč. 20 (24), č. 22 (2009), s. 5  |x 0862-8823 
852 |a SNK  |b KIS3GCP 
958 |a BX 
999 |c 2605708  |d 2607638